Форт-системы программирования персональных ЭВМ: Справочное пособие

Bibliografiske detaljer
Hovedforfatter: Дьяконов В. П. Владимир Павлович
Summary:Исключено из фонда НТБ ТПУ
Sprog:russisk
Udgivet: Москва, Наука, 1992
Format: MixedMaterials Bog
KOHA link:https://koha.lib.tpu.ru/cgi-bin/koha/opac-detail.pl?biblionumber=31757

MARC

LEADER 00000nam0a2200000 4500
001 31757
005 20231030204558.0
010 |a 5020144606 
035 |a (RuTPU)RU\TPU\book\32049 
035 |a BOOK00000128 
090 |a 31757 
100 |a 20011210d1992 u y0rusy50 ca 
101 0 |a rus 
102 |a RU 
105 |a a f 000|y 
200 1 |a Форт-системы программирования персональных ЭВМ  |e Справочное пособие  |f В. П. Дьяконов 
210 |a Москва  |c Наука  |d 1992 
215 |a 350 с.  |c ил. 
320 |a Библиогр.: с. 347-348. 
333 |a Исключено из фонда НТБ ТПУ 
700 1 |a Дьяконов  |b В. П.  |g Владимир Павлович 
801 0 |a RU  |b 63413507  |c 20011210  |g PSBO 
801 2 |a RU  |b 63413507  |c 20170529  |g PSBO 
942 |c BK